Highest mountains by type - Statistics

General Stats
  • This quiz has been taken 26 times
    10 since last reset
  • The average score is 7 of 17
Answer Stats
Hint Elevation Height Answer % Correct
Highest mountain above sea-level 8,848 m 5,200 m Mount Everest
100%
Highest mountain outside Asia 6,961 m Aconcagua
89%
Highest free standing mountain 5,895 m 4,900 m Mount Kilimanjaro
89%
Tallest mountain from base to summit 4,205 m >10,000 m tall Mauna Kea
78%
Highest mountain from the centre of the Earth 6,268 m 12,756 km Mount Chimborazo
67%
Highest mountain on an island 4,884 m Puncak Jaya
56%
Both highest mountain below the 'Snow line' & the highest active volcano in the world 6,893 m 2,000 m Ojos del Salado
44%
Highest mountain of any planet in the solar system 21,230 m Olympus Mons
44%
Highest unclimbed mountain 7,570 m Gangkhar Puensum
22%
Tallest mountain from base to summit entirely above sea level 7,788 m >6,000 m tall Rakaposhi
22%
Highest mountain in the known solar system 22,000 m Rheasilvia
22%
Tallest mountain on the moon 5,310 m Mons Huygens
11%
Highest Fault-Block mountain 4,421 m 3,071 m Mount Whitney
11%
Shortest registered mountain in the world 148 m 43 m Mount Wycheproof
11%
Highest point on the moon 10,786 m Selenean summit
11%
Highest mountain before Everest was formed 4,401.2 m 2,772 m Mount Elbert (likely)
0%
Highest manmade hill 301.8 m 594.8 m Sophienhöhe
0%
No matching quizzes found
Score Distribution
Percent of People with Each Score
Percentile by Number Answered
Your Score History
You have not taken this quiz since the last reset